Credit Dynamics and Non-performing Loans in the Czech Republic: Bayesian Approach

Vzťah medzi poskytnutými úvermi a úvermi zo zlyhaním (non-performing loans – NPL) v Českej republike. V období 1994 – 2016 boli v ČR zaznamenané jednak obdobia rýchleho úverového rastu, jednak prechod k trhovej ekonomike nasledovaný silným konvergenčným procesom. Analýza vplyvu efektov úverového ras...

ver descrição completa

Na minha lista:
Detalhes bibliográficos
Autor principal: Šulganová, Monika
Formato: Capítulo de Livro
Idioma:inglês
Assuntos:
Tags: Adicionar Tag
Sem tags, seja o primeiro a adicionar uma tag!

MARC

LEADER 00000naa a2200000 4500
001 0245636
005 20221104111307.7
041 0 |a eng 
044 |a SK 
245 1 0 |a Credit Dynamics and Non-performing Loans in the Czech Republic: Bayesian Approach  |c Monika Šulganová 
520 |a Vzťah medzi poskytnutými úvermi a úvermi zo zlyhaním (non-performing loans – NPL) v Českej republike. V období 1994 – 2016 boli v ČR zaznamenané jednak obdobia rýchleho úverového rastu, jednak prechod k trhovej ekonomike nasledovaný silným konvergenčným procesom. Analýza vplyvu efektov úverového rastu na dynamiku NPL. Zvolenou metódou je bayesovský odhad s využitím inštrumentálnych premenných. Výsledky odhadu poukazujú na priamo úmerný vzťah medzi úverovým rastom a dynamikou NPL; avšak odhadnuté aposteriórne stredné hodnoty parametrov dosahujú nízke hodnoty a implikujú, že úverový rast ovplyvnil akumuláciu úverového rizika a tvorbu NPL v miernom rozsahu. Výsledky ďalej poukazujú na silnejší efekt úverového rastu v ČR v porovnaní s apriórnym efektom (blízkym nule) vypočítaným na základe informácií získaných z medzinárodných empirických štúdií. 
610 2 0 |a úver 
610 2 0 |a hospodárstvo trhové 
610 2 0 |a konvergencia 
610 2 0 |a Česko 
610 2 0 |a modely ekonometrické 
100 1 |a Šulganová, Monika